| 000 | 00573nam a22001817a 4500 | ||
|---|---|---|---|
| 003 | OSt | ||
| 005 | 20260122092332.0 | ||
| 008 | 260122b |||||||| |||| 00| 0 eng d | ||
| 020 | _a0-02-821872-8. | ||
| 040 |
_aDWCL-Main lib _cOC |
||
| 082 | _aGR. 973 Am512 2000 | ||
| 100 | _aAppleby, Joyce Et Al. | ||
| 245 |
_aThe American journey : _bbuilding a nation _cAppleby, Joyce Et Al. |
||
| 260 |
_aN. Y. : _bGlencoe/McGraw-Hill, _cc2000. |
||
| 300 |
_axvii (various paging) : _bcolored illustration ; _c28 cm. |
||
| 650 | _21. United States-History. | ||
| 942 |
_2ddc _cGR _kGR. _n0 |
||
| 999 |
_c7732 _d7732 |
||